000 00770nam a2200217Ia 4500
005 20250108124908.0
008 008 250107s9999 xx 000 0 hin d
037 _aTB
040 _aCRL
_bhin
_cCRL
041 _ahin
_2hin
084 _aP152-3,3 R3
084 _qCRL
100 _aखॉं, अब्दुल अलीम, ले.
245 0 _aबिखरी हकीकते
_cखॉं, अब्दुल अलीम, ले.
260 _aरायपुर, भारत
_bगुडविल इनीशियेटिव
_c2580
300 _a124पृ0
365 _aINR
_b240
650 _aहिन्दी कविताहिन्दी साहित्य
_9729733
942 _cTB
_hP152-3,3 R3
999 _c1234968
_d1234968